000 01235namaa22003131i 4500
005 20260429132616.0
008 260419s1995 ua a|||frm||| 000 0 eng d
040 _aEG-GICUC
_beng
_cEG-GICUC
_dEG-GICUC
_erda
041 0 _aeng
_beng
_bara
049 _aDeposit
097 _aM.Sc
099 _aCai01.11.01.M.Sc.1995.Mo.B.
100 0 _aMona Hossam El-Din Abdel-Hamid,
_epreparation.
245 1 0 _aBlood and blood products during anaesthesia and surgery /
_cBy Mona Hossam El-Din Abdel-Hamid ; Supervised Prof. Dr. Inas Kamel, Prof. Dr. Amr Zaki Mansour
246 1 5 _aالدم ومشتقات الدم اثناء التخدير والجراحة
264 0 _c1995.
300 _a71 Leaves :
_billustrations
_c30 cm. +
336 _2rda content
_atext
337 _2rdamedia
_aUnmediated
338 _2rdacarrier
_avolume
502 _aThesis (M.Sc.)-Cairo University, 1995
504 _aBibliography: pages 59-71
653 0 _aBlood
_aanaesthesia
_asurgery
700 0 _aInas Kamel
_ethesis advisor.
700 0 _aAmr Zaki Mansour
_ethesis advisor.
900 _DDepartment of Anaesthesia
_FFaculty of Medicine
_UCairo University
_b1995
_cInas Kamel
_cAmr Zaki Mansour
905 _aNehad
_eNourhan
942 _2ddc
_cTH
_e21
_n0
999 _c179578